Physics for JEE MAIN: (Record no. 183721)

MARC details
000 -LEADER
fixed length control field 00541nam a22001817a 4500
005 - DATE AND TIME OF LATEST TRANSACTION
control field 20220103143953.0
010 ## - LCCN (DPL NO)
LC control number ENG-130864
020 ## - INTERNATIONAL STANDARD BOOK NUMBER
International Standard Book Number 978-93-5350-538-7
Terms of availability 999.00
035 ## - SYSTEM CONTROL NUMBER
System control number EN-114396
037 ## - SOURCE OF ACQUISITION
Source of stock number/acquisition DBAD
082 ## - DEWEY DECIMAL CLASSIFICATION NUMBER
Classification number 530
100 ## - MAIN ENTRY--PERSONAL NAME
Personal name Sharma, B.M.
245 ## - TITLE STATEMENT
Title Physics for JEE MAIN:
Statement of responsibility, etc B.M. Sharma
260 ## - PUBLICATION, DISTRIBUTION, ETC. (IMPRINT)
Place of publication, distribution, etc Delhi
Name of publisher, distributor, etc Cengage Learning India Pvt. Ltd.
Date of publication, distribution, etc 2017
270 ## - ADDRESS
City Delhi
Postal code 110091
Address T-303, 3rd Floor DAV Complex, Plot 3, Mayur Vihar Phase 1
300 ## - PHYSICAL DESCRIPTION
Extent 1436p
Dimensions 27cm(pbk)
942 ## - ADDED ENTRY ELEMENTS (KOHA)
Source of classification or shelving scheme Dewey Decimal Classification
Item type English Books
Classification part 530
Call number suffix SHA
Holdings
Withdrawn status Lost status Not for loan Collection code Home library Current library Date acquired Source of acquisition Cost, normal purchase price Full call number Barcode Copy number Cost, replacement price Koha item type
      Non-fiction Mobile Library Mobile Library 03/01/2022 DBAD/PUB 999.00 530 SHA EN-114396 1 999.00 English Books

© Delhi Public Library
Hit Counter
free hit counter